01296nas a2200301 4500000000100000008004100001260001300042653001500055653001000070653001400080653001400094653002300108653001100131653002100142653001100163653001200174653000900186653001600195100001000211700001300221700001000234245005200244300001100296490000700307050003200314520063400346022001400980 1981 d c1981 Apr10aAdolescent10aAdult10aAwareness10aCognition10aEducational Status10aFemale10aHealth Education10aHumans10aleprosy10aMale10aMiddle Aged1 aRaj V1 aGarg B R1 aLal S00aKnowledge about leprosy among leprosy patients. a226-300 v53 aInfolep Library - available3 a

A study on "Knowledge of Leprosy in Leprosy patients" was conducted in the Dermatology outpatient department of JIPMER. The study has shown that a good percentage of leprosy patients possess proper knowledge of leprosy in respect of its awareness, nature of treatment, consequences of lack of treatment and prevention of disease. Knowledge regarding the cause and mode of spread of disease and duration of treatment was lacking in majority of patients These areas should be given more concentration in educating the leprosy patients. It was found that literate patients possessed better knowledge than illiterate patients.

 a0024-1024